Latinoamérica: la democracia se estabiliza /

में बचाया:
ग्रंथसूची विवरण
मुख्य लेखक: Thesing, Josef
स्वरूप: मूलपाठ
विषय:
टैग: टैग जोड़ें
कोई टैग नहीं, इस रिकॉर्ड को टैग करने वाले पहले व्यक्ति बनें!

MARC

LEADER 00000 a a2200000 04500
001 3783
003
040
100 |a Thesing, Josef  
245 |a Latinoamérica:   |b la democracia se estabiliza /  |c Josef Thesing 
650 |a DEMOCRACIA  
650 |a DERECHOS HUMANOS  
650 |a MARCO INSTITUCIONAL  
773 |g volumen 14, número 3 (55); páginas 125-135  
999 |c 33227  |d 33227